The serpent´s coil

Uloženo v:
Podrobná bibliografie
Hlavní autor: Mowat, Farley
Médium: Kniha
Jazyk:English
Vydáno: Toronto, Canadá Mc Clelland and Stewart 1981
Témata:
Tagy: Přidat tag
Žádné tagy, Buďte první, kdo vytvoří štítek k tomuto záznamu!

MARC

LEADER 00000nam a2200000Ia 4500
008 170316s9999 xx 000 0 eng d
040 |a cru BVZT 
090 |a 818 M-25s 
100 |a Mowat, Farley 
245 4 |a The serpent´s coil 
260 |a Toronto, Canadá 
260 |b Mc Clelland and Stewart 
260 |c 1981 
300 |a 223 páginas 
650 |a LITERATURA CANADIENSE 
999 |c 6570  |d 6570 
942 |c 15 D  |h 818 M-25s  |2 z